Normal view
MARC view
Entry Personal Name
001 - CONTROL NUMBER
- control field: 12599
003 - CONTROL NUMBER IDENTIFIER
- control field: BD-RjUL
005 - DATE AND TIME OF LATEST TRANSACTION
- control field: 20240417114803.0
008 - FIXED-LENGTH DATA ELEMENTS
- fixed length control field: 240417|| aca||aabn | a|a d
040 ## - CATALOGING SOURCE
- Original cataloging agency: BD-RjUL
- Transcribing agency: BD-RjUL
100 ## - HEADING--PERSONAL NAME
- Personal name: بهادر, سيد احمد خان ;; Bahadur, Syed Ahmed Khan
670 ## - SOURCE DATA FOUND
- Source citation: Work cat.: (BD-RjUL)83522: بهادر, سيد احمد خان ;; Bahadur, Syed Ahmed Khan, الخطابات الأحمدية في العرب وسيرة المحمدية ;; alkhitabat al'ahmadiat fi alearab wasirat almuhamadia /, 195?